Literatura (Registro nro. 69883)

Detalles MARC
000 -LEADER
campo de control de longitud fija 00545nam a2200181 i 4500
001 - NÚMERO DE CONTROL
campo de control 69883
003 - IDENTIFICADOR DE NÚMERO DE CONTROL
campo de control ES-MaACL
007 - CAMPO FIJO DE DESCRIPCIÓN FÍSICA--INFORMACIÓN GENERAL
campo de control de longitud fija t|
008 - DATOS DE LONGITUD FIJA--INFORMACIÓN GENERAL
campo de control de longitud fija 040713s1975 sp ||||1| spa d
100 1# - ENTRADA PRINCIPAL--NOMBRE DE PERSONA
Nombre de persona García López, José,
Fechas asociadas al nombre 1916-
9 (RLIN) 54843
245 10 - MENCIÓN DEL TÍTULO
Título Literatura
Resto del título : 7º E.G.B. /
Mención de responsabilidad, etc. José García López, Carmen Pleyán.
250 ## - MENCION DE EDICION
Mención de edición [2ª ed. corr.].
260 ## - PUBLICACIÓN, DISTRIBUCIÓN, ETC.
Lugar de publicación, distribución, etc. [Barcelona] :
Nombre del editor, distribuidor, etc. Teide,
Fecha de publicación, distribución, etc. [1975]
300 ## - DESCRIPCIÓN FÍSICA
Extensión 197 p. :
Otras características físicas il. ;
Dimensiones 22 cm.
700 1# - ENTRADA AGREGADA--NOMBRE PERSONAL
Nombre de persona Pleyan, Carmen.
9 (RLIN) 206739
852 ## - LOCALIZACIÓN
Ubicación ES-MaACL
Número de control de estantería E-9493
Sublocalización o colección R.93978
Existencias
Estatus retirado Estado de pérdida Estado de daño No para préstamo Biblioteca de origen Biblioteca actual Ubicación en estantería Fecha de adquisición Fuente de adquisición Total de préstamos Signatura topográfica completa Código de barras Visto por última vez Precio de reemplazo Tipo de ítem Koha
        Biblioteca del Ateneo de Madrid Biblioteca del Ateneo de Madrid Depósito 2 17/01/2008     E-9493 1073178 23/02/2023 23/02/2023 Libro impreso